000 00431nam a2200181Ia 4500
001 46266
008 140429s9999 xx 000 0 und d
020 _a8178220563
040 _cPK-LaUMT
082 _a 297
_bSCH-U
100 _aSchuon, Frithjof
245 _aUnderstanding Islam
_cSchuon, Frithjof
260 _aNew Delhi,India:
_bNew age books,
_c2006
300 _a202 p.
546 _aEN
650 _aIslam
942 _cBK
999 _c44219
_d44219